LEADER 01011nam a2200277 a 4500 001 000000136829 003 CaOOAMICUS 005 20131216151206.0 008 131216s2006 it u000 u ita r 020 $a88-06-18359-1 040 $aPUL$bita 100 1 $aBianchi, Enzo,$d1943-$0(OLS)http://pul/name/26766 245 13$aLa differenza cristiana /$cEnzo Bianchi. 260 $aTorino :$bEinaudi,$c©2006. 300 $a117 p. ;$c18 cm. 490 1 $aVele ;$v22 650 4$aCristianesimo$ySec. XX.$0(OLS)http://pul/subject/38286 830 0$aVele ;$v22.$0(OLS)http://pul/title/145353 850 $aPUL 852 $aPUL$W1$xDP1 Fondo E. Rossi$y115$m3 A 44$j115672$qFondi$B157100$CPULBib$Z2$F157100 $82 941 1 $a1 961 $aSul dorso collocazione ms. di E. Rossi: CP 22 1 996 $6020$a88-06-18359-1$9(OLS)http://pul/number/154209 996 $6245$aLa differenza cristiana$9(OLS)http://pul/title/173239 996 $6260$aTorino :$bEinaudi$9(OLS)http://pul/publisher/48130 LEADER 01266nam a2200265 a 4500 001 000000162204 003 CaOOAMICUS 005 20170724093410.0 008 170724s1988 it m 001 u ita r 032 $aLibriCat 040 $aPUL$bita 100 1 $aNecel, Wojciech.$0(OLS)http://pul/name/104022 245 13$aIl carisma della societą di Cristo per gli emigrati polacchi /$cauctore Wojciech Necel, S.C. 260 $aRoma :$bPontificia Universitą Gregoriana,$c1988. 300 $aXXXIII, 219 p. ;$c20 cm. 502 $aEstratto da tesi -- Pontificia Universitas Gregoriana. Facultas iuris canonici. 1988. 504 $aBibliografia in nota. 651 4$aPolonia$xStoria ecclesiastica.$0(OLS)http://pul/subject/3145 710 2 $aPontificia Universitą Gregoriana.$bFacoltą di diritto canonico.$kTesi.$0(OLS)http://pul/name/81757 850 $aPUL 852 $aPUL$W1$xDP1 Tesi Pon. Univ. Gregoriana$y40$mTH PUG 3502$j186191$qTesi$B189412$CPULBib$Z2$F189412 $H59996 $82 941 1 $a16 996 $6245$aIl carisma della societą di Cristo per gli emigrati polacchi$9(OLS)http://pul/title/201969 996 $6260$aRoma :$bPontificia Universitą Gregoriana$9(OLS)http://pul/publisher/47853